00365nam a2200121Ia 4500008004100000050001600041100002300057245003300080260003100113300003500144490003000179650003400209120626s1994 sp a 000 0 spa d aNC703 bC67 aCosta, Joaneautor aImagen global c/ Joan Costa aBarcelona b: CEACc, 1994 a261 páginasb: ilustraciones aEnciclopedia del diseño 0aCOMUNICACIÓN EN EL DISEÑO